<?xml version="1.0" encoding="UTF-8"?>
<collection xmlns="http://www.loc.gov/MARC21/slim">
<record>
  <controlfield tag="001">155313</controlfield>
  <controlfield tag="005">20250516084456.0</controlfield>
  <datafield tag="037" ind1=" " ind2=" ">
    <subfield code="a">TAZ-TFG-2023-362</subfield>
  </datafield>
  <datafield tag="041" ind1=" " ind2=" ">
    <subfield code="a">spa</subfield>
  </datafield>
  <datafield tag="100" ind1="1" ind2=" ">
    <subfield code="a">Sampériz Laborda, Gabriela</subfield>
  </datafield>
  <datafield tag="242" ind1="0" ind2="0">
    <subfield code="a">MEASURES FOR THE PREVENTION OF STREES URINARY INCONTINENCE IN PREGNANT WOMEN: LITERATURE REVIEW</subfield>
  </datafield>
  <datafield tag="245" ind1="0" ind2="0">
    <subfield code="a">MEDIDAS EN LA PREVENCIÓN DE INCONTINENCIA URINARIA DE ESFUERZO EN EMBARAZADAS: REVISIÓN BIBLIOGRÁFICA</subfield>
  </datafield>
  <datafield tag="260" ind1=" " ind2=" ">
    <subfield code="a">Zaragoza</subfield>
    <subfield code="b">Universidad de Zaragoza</subfield>
    <subfield code="c">2023</subfield>
  </datafield>
  <datafield tag="506" ind1=" " ind2=" ">
    <subfield code="a">by-nc-sa</subfield>
    <subfield code="b">Creative Commons</subfield>
    <subfield code="c">3.0</subfield>
    <subfield code="u">http://creativecommons.org/licenses/by-nc-sa/3.0/</subfield>
  </datafield>
  <datafield tag="520" ind1=" " ind2=" ">
    <subfield code="a">Introducción: La incontinencia urinaria de esfuerzo es un trastorno frecuente en &lt;br />mujeres embarazadas y perjudica negativamente su calidad de vida. Enfermería &lt;br />debe reconocer los síntomas y factores de riesgo, utilizar las medidas más &lt;br />adecuadas para prevenirlo y proporcionarles la información adecuada para&lt;br />mejorar su bienestar. La reeducación vesical es el método de primera elección &lt;br />para conseguir prevenir la aparición de IUE.&lt;br />Objetivo: El objetivo principal de esta revisión bibliográfica es estudiar y &lt;br />comparar el tipo de medida más eficaz (con resultado de contención) para prevenir &lt;br />la incontinencia urinaria durante el proceso gestacional.&lt;br />Objetivos específicos: &lt;br />- Revisar y actualizar cuáles son los principales métodos de prevención &lt;br />y tratamiento de la IUE.&lt;br />- Averiguar si existe algún método que sea más eficaz para cubrir las &lt;br />necesidades de las mujeres embarazadas.&lt;br />Metodología: Se ha realizado una revisión bibliográfica sobre los métodos más &lt;br />eficaces para prevenir la incontinencia urinaria de esfuerzo en embarazadas. Se &lt;br />ha buscado artículos de los últimos 12 años, escritos en español e inglés, con una &lt;br />duración desde el 9 de diciembre hasta el 31 de marzo de 2023. Se han utilizado &lt;br />distintas bases de datos como ScientDirect, Enfispo, Cochrane, Dialnet y Pubmed&lt;br />para obtener los artículos de interés.&lt;br />Conclusiones: Las enfermeras tienen un papel primordial a la hora de detectar &lt;br />las mujeres susceptibles a presentar IUE y proporcionales los métodos más &lt;br />adecuados para prevenirlo como: reeducación vesical, modificación de hábitos de &lt;br />vida, técnicas de corrección postural, entrenamientos de la musculatura de suelo &lt;br />pélvico y técnicas abdomino-pélvicas.&lt;br />Palabras clave: Incontinencia Urinaria, embarazadas, suelo pélvico, disfunciones &lt;br />en el suelo pélvico, técnicas de ejercicio con movimiento, Kegel&lt;br />&lt;br /></subfield>
  </datafield>
  <datafield tag="521" ind1=" " ind2=" ">
    <subfield code="a">Graduado en Enfermería</subfield>
  </datafield>
  <datafield tag="540" ind1=" " ind2=" ">
    <subfield code="a">Derechos regulados por licencia Creative Commons</subfield>
  </datafield>
  <datafield tag="700" ind1=" " ind2=" ">
    <subfield code="a">Orduna Onco, Ángel</subfield>
    <subfield code="e">dir.</subfield>
  </datafield>
  <datafield tag="710" ind1="2" ind2=" ">
    <subfield code="a">Universidad de Zaragoza</subfield>
    <subfield code="b"> </subfield>
    <subfield code="c"></subfield>
  </datafield>
  <datafield tag="856" ind1="0" ind2=" ">
    <subfield code="f">799614@unizar.es</subfield>
  </datafield>
  <datafield tag="856" ind1="4" ind2=" ">
    <subfield code="s">827334</subfield>
    <subfield code="u">http://zaguan.unizar.es/record/155313/files/TAZ-TFG-2023-362.pdf</subfield>
    <subfield code="y">Memoria (spa)</subfield>
  </datafield>
  <datafield tag="909" ind1="C" ind2="O">
    <subfield code="o">oai:zaguan.unizar.es:155313</subfield>
    <subfield code="p">driver</subfield>
    <subfield code="p">trabajos-fin-grado</subfield>
  </datafield>
  <datafield tag="950" ind1=" " ind2=" ">
    <subfield code="a"></subfield>
  </datafield>
  <datafield tag="980" ind1=" " ind2=" ">
    <subfield code="a">TAZ</subfield>
    <subfield code="b">TFG</subfield>
    <subfield code="c">ENFHUES</subfield>
  </datafield>
  <datafield tag="999" ind1=" " ind2=" ">
    <subfield code="a">20230413185212.CREATION_DATE</subfield>
  </datafield>
  <datafield tag="951" ind1=" " ind2=" ">
    <subfield code="a">deposita:2025-05-16</subfield>
  </datafield>
</record>
</collection>